[Event "72nd Oregon Open"]
[Site "Portland, OR"]
[Date "2022.09.03"]
[Round "1"]
[White "Zavortink, Matt"]
[Black "Beltran, Omar"]
[Result "1-0"]
[WhiteElo "2299"]
[BlackElo "1832"]
[Annotator "Matt Zavortink"]
[PlyCount "44"]
[EventDate "2022.09.03"]
[EventType "swiss"]
[EventRounds "6"]
[EventCountry "USA"]

{A somewhat strange game where at times it seems as if both players have bad
positions. Reviewing this game with the computer is quite humbling as it
thinks I misevaluated practically every position and variation I looked at.} 1.
Nf3 d5 2. d4 e6 3. Bf4 c5 4. e3 Nf6 5. c3 Bd6 6. Bg3 Qc7 {A good line for
black that I believe became popular around 2018 when Carlsen used it in
several games. Black makes the strong positional threat of Nbd7, gaining
irrevocable control over e5. Who knows what the best idea is but white should
certainly try to do something to disrupt black's plan immediately.} 7. dxc5
Qxc5 8. Nbd2 {White's plan is Bd3, Qe2, and e4. It doesn't seem like black
should be worse but it's a little tricky.} Bxg3 9. hxg3 Bd7 $5 {Not what I had
looked at but definitely a reasonable move.} 10. Rc1 ({I did not continue with
the more normal Bd3 as black's last move was planning ...Bb5, however the
computer shows an interesting resource for white to counter this plan:} 10. Bd3
Bb5 11. b4 Qb6 12. Bc2 $1 $14 {and next white can push the black bishop
backwards with a4.}) 10... Nc6 {Here I thought I had two possible plans: 1)
expand on the queenside, or 2) play Bd3 and meet ...e5 with e4. I went with
the first plan, thinking that this justified the position of my rook on c1,
though the computer shows that the 2nd option was probably stronger. Overall I
was not feeling particularly inspired by my position.} (10... Bb5 {Would be a
mistake now because of the obvious} 11. c4 $16) 11. b4 Qe7 (11... Qd6 $1 $11 {
A better move for black, gaining the options of meeting b5 with either ...Ne5
or ...Ne7. But it's understandable to not want to give white the option of Nc4
at the right moment.}) 12. b5 Na5 13. Qa4 b6 {Pushing my pawn to b5 has
introduced a number of different imbalances into the position, which was
difficult for me to understand. For the moment black's knight has been pushed
to a5, away from the center, though it controls the important c4 square and
can quickly reroute to the c5 outpost if I play a careless move like Bd3. I've
also weakened a lot of other squares like a3 where I must constantly guard
against the invasion of the black queen. I considered Ne5, stopping ...e5 and
eyeing the sensitive c6 square, and e4, threatening e5 but risking opening the
position with my king still in the center.} 14. e4 {I was really having a hard
time believing that this was the right move but I didn't know what else to do.}
(14. Ne5 $1 {Stockfish wants to play this move and, if undisturbed, follow up
with g4-g5!, continuing the strange trend of white not developing or castling.
I rejected Ne5 due to} Qd6 15. Qd4 Qa3 {when I thought black's queen was too
active, but white's position is nicely held together by the simple defensive
move} 16. Rc2 $14 {again with g4-g5 coming soon.}) 14... h5 $6 {Too
cooperative; black should not allow white to continue with e5.} (14... dxe4 15.
Nxe4 Nxe4 $6 16. Qxe4 {this looked risky for black as I thought I could
probably play Rxh7 after black defends the a8 rook}) (14... e5 $1 15. exd5 {
Now ...Nxd5 would allow the same Qe4 idea as in the previous note, but black
can play a calm move like} O-O $11 {and then try to regain the pawn. A hard
position for me to evaluate, of course Stockfish gives the useless "0.00."
Note that white cannot try to hold the extra pawn with} 16. c4 $4 e4 17. Nd4 e3
$19) 15. e5 Ng4 16. Rc2 (16. Qxg4 {To be honest I didn't seriously consider
this move as I thought I would still have the same option on the next turn;
however, if white wants to do this, it should be done now, as this version
forces the black queen to a3 where it may actually be a bit out of play in the
ensuing complications.} Qa3 17. Rc2 hxg4 18. Rxh8+ Ke7 19. Rxa8 gxf3 20. Nxf3 {
with another 0.00 position}) 16... Rh6 $6 {Stopping Qxg4 but stranding the
rook and knight on the kingside for the rest of the game.} ({I was expecting} 
16... Qc5 $1 {when I thought I would have two appealing options} 17. Qxg4 (17.
Qd4 $2 Qxd4 18. cxd4 {Another variation I completely misevaluated} Ke7 19. Bd3
Rac8 {I thought black might not be able to do this as the h8 rook is
overloaded defending the h-pawn, but in reality black has a decisive advantage
after} 20. Rxc8 Rxc8 21. Rxh5 Rc3 $19) 17... hxg4 18. Rxh8+ Ke7 19. Rxa8 gxf3
20. Nxf3 $2 (20. gxf3 $1 $10 {planning c4 next}) 20... Bxb5 {I saw this far
and thought I should avoid all of this.} (20... Qc7 $1 $17 {I did not consider
this move})) 17. Be2 (17. Bd3 {I think I avoided this more natural move due to
the black knight rerouting to c5, but it's not a big deal} Nb7 18. Qd4 $14)
17... Qc5 18. O-O Rc8 $2 (18... a6 $1 {I was afraid of this move and had not
yet found a good solution. I thought I should be able to simply lose the b5
pawn and still have a perfectly fine position.} 19. Qf4 axb5 {I was
concentrating on this position. The computer gives} (19... Bxb5 $2 20. c4 $1
$18) 20. Nb3 $1 Nxb3 21. axb3 $16 {With a sizeable advantage for white due to
black's stranded g4 knight and bad d7 bishop}) 19. Nb3 $1 Nxb3 20. axb3 {
Now I felt I should be a bit better as I can untangle with Bd3 (so that the c2
rook guards f2), Re1, and all of my pieces are starting to find their ideal
squares. I was surprised to see that Stockfish thinks white already has a
decisive advantage.} a5 21. Bd3 Ne3 $4 {A blunder that instantly decides the
game.} 22. b4 Z0 ({It's unfortunate for black that they cannot even get rook
and bishop for the queen, as after} 22... axb4 23. cxb4 Qxc2 24. Bxc2 Nxc2 25.
Rc1 {the c2 knight is trapped.}) 1-0

[Event "72nd Oregon Open"]
[Site "Portland, OR"]
[Date "2022.09.03"]
[Round "2"]
[White "Kodihalli, Kaustubh"]
[Black "Zavortink, Matt"]
[Result "0-1"]
[WhiteElo "1905"]
[BlackElo "2299"]
[Annotator "Matt Zavortink"]
[PlyCount "146"]
[EventDate "2022.09.03"]
[EventType "swiss"]
[EventRounds "6"]
[EventCountry "USA"]

{A long game in a Maroczy Bind. White played quickly in the opening and seemed
to know some theory but quickly drifted into a position with a very poor
light-squared bishop. There are some very interesting moments late in the game
where both players overlooked key aspects of the bishops of opposite color
endgame.} 1. e4 c5 2. Nf3 g6 3. d4 cxd4 4. Nxd4 Nc6 5. c4 Nf6 6. Nc3 d6 7. Be2
Nxd4 8. Qxd4 Bg7 9. O-O O-O 10. Qd3 $5 a5 11. Be3 a4 (11... Bd7 $1 {This is
probably stronger than what I played, as white's Bd4 plan is nicely countered
by a quick ...Bc6 and ...Nd7 when it begins to look like one of the
traditional Maroczy Bind mainlines with white's queen slightly misplaced.}) 12.
Rab1 $6 {Probably the start of a faulty plan. I believe white has mixed two
different systems, and that the consistent way to play with the queen on d3 is
to go Bd4 with the idea of f4.} (12. Bd4 $1 Qa5 13. f4 {aiming for some kind
of kingside attack or central break, when surely white is a bit better. Note
that the white queen must be on d3 for this to work; if it were on the more
typical d2 square in this position then black would immediately win material
with ...Nxe4!}) 12... Qa5 13. Rfc1 Be6 14. f3 Rfc8 $11 {Black has fully
equalized and Stockfish is giving 0.00.} 15. b3 axb3 16. axb3 {I looked at
this position in my preparation for the tournament but with the white queen on
d2 instead of d3. In that case black should go ...Qb4, however here white may
have the the response Bd2, so instead I figured I should immediately highlight
the position of white's queen on d3 with the move} Nd7 17. Nd5 $6 (17. Bd2 $11)
17... Bxd5 18. exd5 $15 {I wasn't really sure of the objective evaluation here
but I didn't think white's position made much sense. I have two minor pieces
that can control the various weak dark squares opposed to white's single
dark-squared bishop, so I figured I had good chances. White's bishop pair is
not worth much as the light-squared bishop does not have a useful role.} Nc5 (
18... Qa2 $15 {Perhaps simpler than what I did}) (18... Qb4 $1 {During the
game I had a feeling Stockfish would want to play this move, and it does!
Black temps white to go Bd2 when the black queen will go elsewhere and argue
that white's bishop has become slightly less good. I didn't think it was worth
my time to try to understand such subtleties, but it's at least sinteresting
to see the computer line:} 19. Bd2 Qb6+ 20. Be3 Nc5 {With the big point being
that black can meet} 21. Qc2 {with} Bh6 $3 $17) 19. Qc2 Na6 {I had a feeling
this maneuver was not the objectively strongest way to play, as it simply
seems too bizarre, but my knight does do a good job targetting the weak dark
squares.} 20. Qe4 {This is a bit superficial; it would make sense if black had
to play a passive move like ...Kf8 to defend the e-pawn, but there are
multiple tactical solutions for black that aren't that hard to find.} (20. Kh1
$5) 20... Qa2 21. Bf1 Nc5 $1 $17 22. Qc2 (22. Qxe7 $4 Re8 23. Qxd6 Nxb3 24. Re1
Rxe3 $19) (22. Bxc5 dxc5 23. Qxe7 $2 Bd4+ 24. Kh1 Qf2 {I was a bit lazy
calculating this variation, but I figured there's no way I could be worse with
my queen and bishop so active.} 25. Bd3 Re8 $1 (25... Ra2 26. Rg1 {is not so
clear as white is coming with d6-d7 extremely quickly}) 26. Qxb7 Ra2 27. Rg1
Qh4 $19 {Threatening ...Be5 with a winning attack.}) 22... Qxc2 23. Rxc2 Ra3 {
Forcing white to capture on c5 in order to defend the b3 pawn.} 24. Bxc5 dxc5 {
We've reached a bishops of opposite color endgame with even material. I
thought I should have good winning chances as my bishop will be extremely
powerful on d4, preventing white from contesting the a-file and creating
continuing threats against the white king thanks to the f-pawn being on f3.}
25. Bd3 Bd4+ 26. Kf1 Rca8 27. Re2 Ra2 28. g4 $2 {I thought this was likely a
very poor move as it gives white fewer ways to defend h2 in the future and I
gain permanent access to the f4 square. I now have a very long-term plan of
attacking the h2 pawn, trying to force h3, and then marching my king
g7-f6-e5-f3-g3. This position is very hard to play for white and the computer
evaluation throughout the next phase of the game alternates between completely
losing and very unpleasant but possibly holdable.} (28. Rxe7 $4 Rf2+ 29. Ke1
Rxg2 $19 {Black's other rook comes to a2 with decisive threats.}) 28... Rxe2
29. Bxe2 g5 $1 {Securing the f4 square} 30. Rd1 Ra2 31. b4 Kg7 (31... b6 32.
bxc5 bxc5 {This is less good than the pawn structure in the game as here white
is able to use the open b-file.}) 32. bxc5 Bxc5 33. Rb1 (33. d6 $1 exd6 34. Rd5
{May be a close to a fortress as white's rook on d5 greatly reduces the number
of ways black can try to progress on the kingside,}) 33... b6 34. Rb3 Kf6 (
34... Ra1+ 35. Kg2 Rg1+ 36. Kh3 {I considered this type of position on a
couple different occasions. White is almost mated, but not quite:} Bd6 37. Rxb6
Rh1 38. Kg2 Rxh2+ 39. Kf1 $11) 35. Rd3 {Now I want to go ...Bd6 trying to
force h3, but white can reply Rb3 counterattacking against the b6 pawn, so
first:} Rb2 36. Rd1 Bd6 37. Rd4 $5 {The computer doesn't like this move but I
thought it was a good try.} (37. h3 Ke5 $19 {Black's king invades}) 37... Bxh2
$19 38. Re4 Bd6 39. Bd3 Rd2 40. Be2 h6 41. Ke1 Bb4 42. Kf1 Ra2 43. Kg1 Kg7 44.
Kf1 Bc5 45. Kg2 {Now slightly low on time I fail to find the best way to make
progress.} f5 $4 (45... Kg6 $1 {Playing for ...h5 is the correct way to
proceed. I felt nervous about putting my king on g6 due to Bd3 ideas but they
do not work.} 46. Kf1 h5 47. Bd3 Kh6 $1 $19 {Black is threatening ...Rf2+ and
also ...h4 to create a passed pawn.}) 46. Re6 $1 {Suddenly white is close to
having another fortress.} (46. gxf5 $4 Kf6 $19) 46... f4 47. Kf1 Ra1+ 48. Kg2
Rg1+ 49. Kh2 Re1 50. Kg2 Rg1+ 51. Kh2 Re1 52. Kg2 Kf7 {Here I was quite
certain that white should draw if they just sit and don't do anything. I can
try to set up a couple tricks by putting my bishop on e3 at the right moment
but I also must be careful that white's bishop doesn't activate, for example
by getting to f5 or g6 via d3. White's king looks very restricted but there
are unfortunately no mating ideas. Instead white panicked:} 53. Bd3 $4 (53. Kh2
{May be the easiest move for white, keeping the bishop unrestricted to go to
d3 if black messes around too much}) (53. Re4 {I was expecting this move,
though I didn't appreciate the number of possible tactics during the game. Now
white must find a lot of only moves:} Be3 54. Bf1 $1 (54. Bd3 $4 Rg1+ 55. Kh2
Rd1 $19 {and suddenly white drops the bishop}) 54... Rd1 55. Re6 (55. Be2 $4 {
falling for another trick} Rg1+ 56. Kh3 Re1 57. Bd3 Rh1+ 58. Kg2 Rg1+ 59. Kh2 (
59. Kh3 Rg3+ $19) 59... Rd1 $19) 55... Rd2+ 56. Kh1 Rf2 57. Bg2 {The position
has changed a little bit and I guess black can keep finding ways to continue
the game, for example:} Bd4 58. Rxh6 Bf6 {and perhaps black can create some
more tricks, or activate the king on the queenside, in the time it takes white
to extract the rook from h6}) 53... Rxe6 54. dxe6+ Kxe6 $19 {During the game I
wasn't quite sure of the objective evaluation here but I thought I had very
good winning chances, and an easy plan to make progress. Black's main idea is
to put the king on d4. Then white will need to guard the c4 pawn and would
also like to stop black's e-pawn from getting to e4. Unfortunately the only
square from which the white bishop can accomplish both of these tasks is d5,
which with the black king on d4 will always allow black to play ...b5!,
winning the c4 pawn which will be stuck defending the d5 bishop. On their own
these two ideas are probably not suffucient to win, as white can allow ...e4,
play fxe4, and then park the king on f1 forever while using the bishop to
defend the c4 and g4 pawns. However, black's seemingly useless h6 pawn will
decide the game by, at some point, sacrificing itself on h5 to give black two
connected passed pawns.  One huge subtlety that both players missed is that in
the structure with ...e4 and fxe4, if white is able to put the king on the
superior f3 square, then he will be able to draw. From f3 the king will be
ideally positioned to stop the passed f and g-pawns after black's ...h5
sacrifice, and any attempt by black to break the blockade by means of ...Kf5
will be met with an immediate check from the white bishop.} 55. Bf5+ Ke5 56.
Bc8 Kd4 57. Ba6 Ke3 58. Bc8 e5 59. Bb7 Kd3 60. Bd5 Kd4 61. Bf7 Bf8 $2 {In
typically paranoid fashion I put my bishop on f8 to pre-emptively stop the
passed pawn that white will get after my ...h5 sacrifice. However, this allows
the white king to go to f2, and then meet ...e4 with fxe4 Kxe4, then check the
black king with the bishop, and then be threatening Kf3! with a blockade and
draw. Black should keep the bishop on c5 to prevent this idea, as the
variation above with the white king on g2 rather than f2 will fail as black's
king will be able to get out of check by going to e3 at the end, denying white
the opportunity to blockade the f3 square.} 62. Kf2 e4 $4 {I could still have
corrected by mistake with ...Kd3 followed by ...Bc5+} 63. Ke2 $4 {Here
suddenly I felt that something was wrong and that I needed to "go for it"
immediately:} (63. fxe4 Kxe4 64. Bd5+ Kd4 {Now black is threatening ...b5} 65.
Bf7 {but white is threatening Kf3 with a secure blockade.} h5 66. gxh5 g4 67.
Be6 $1 $11) 63... h5 (63... e3 {also wins}) 64. gxh5 (64. Bxh5 exf3+ 65. Kxf3
Kxc4 {and the b-pawn decides the game}) 64... g4 65. fxg4 Bh6 {A nice position;
white has finally equalized the material but black's connected passed pawns
immediately decide the game.} 66. Kf2 Bg5 67. Kf1 Kd3 68. Bd5 e3 69. Bf3 Kxc4
70. Ke2 b5 71. Kd1 Kc3 72. Be4 b4 73. Ke2 b3 0-1

[Event "72nd Oregon Open"]
[Site "Portland, OR"]
[Date "2022.09.04"]
[Round "3"]
[White "Zavortink, Matt"]
[Black "Min, Ryan"]
[Result "1-0"]
[WhiteElo "2299"]
[BlackElo "1982"]
[Annotator "Matt Zavortink"]
[PlyCount "59"]
[EventDate "2022.09.03"]
[EventType "swiss"]
[EventRounds "6"]
[EventCountry "USA"]

{I was fortunate to not have to expend too much energy during this game; I
followed my preparation until my opponent blundered. I failed to find a number
of more accurate continuations after that but the result was never really in
doubt.} 1. Nf3 Nf6 2. g3 g6 3. b3 Bg7 4. Bb2 d6 5. d4 O-O 6. Bg2 {This
position is a bit difficult to play for black. Though I think there are a
couple decent equalizing tries they are hard to find for an unprepared player.}
Nbd7 7. O-O c6 8. Nbd2 Re8 9. e4 e5 10. dxe5 {White's idea in this line is
typically to aim for a good version of an exchange King's Indian. By leaving
the pawn on c2 white has avoided giving black a potential outpost on the d4
square as occurs in the mainline exchange variations.} dxe5 {Here white would
really like to play a move like Re1, then try to exploit the weak d6 square
with Nc4 and maybe Ba3, but it's simply too slow. So white must continue
energetically with:} 11. Nc4 (11. Re1 b5 $11 {Black will reorganize with ...
Bf8-c5 and have a perfectly acceptable position}) 11... Nc5 $2 ({Black must
enter the complications:} 11... Nxe4 12. Re1 Nec5 13. Nd6 {with a weird mess
and a lot more to prepare for anyone considering playing this as either color.
White has managed to obnoxiously plant his knight on d6, but at least black is
up a pawn. In the game continuation white gets the knight to d6 "for free."})
12. Nd6 Rf8 (12... Re7 {Seems a bit more natural though white is still a pawn
up after} 13. Nxe5 $18) 13. Nxe5 Qe7 14. f4 $6 (14. Nec4 $1 {This is nearly +4
as white is able to go e5 next. I looked at this and thought it was needlessly
complex, but getting in e5 is a big achievement so I should have spent more
time calculating.} b5 15. Na5 Bd7 16. e5 $18) 14... Rd8 15. Nxc8 (15. Nexf7
Qxf7 16. Nxf7 Rxd1 17. Raxd1 Kxf7 {Of course I considered this and thought
white must have some edge. Stockfish shows that white is completely crushing
but only after the somewhat unintuitive (to me)} 18. f5 $1 gxf5 19. exf5 {
followed by the simple plan of h3, g4 and g5.}) 15... Raxc8 16. Qe2 $18 {
I haven't played the most precisely but still have a stable position with an
extra pawn and the bishop pair.} Re8 {Threatening ...Nfd7 Nc4 Bxb2 Nxd2 when
the rook's presence on e8 causes white's e4 pawn to be hanging.} (16... Nfd7
17. Nc4 $18) 17. Ba3 b6 (17... Nfd7 $4 18. Nxd7 $18) 18. Rad1 Rc7 19. Rfe1 Nh5
20. Nc4 {White is ready to go e5 and re-occupy the d6 square with a knight.}
Bc3 21. Rf1 b5 {Desperately trying to complicate.} 22. Nd6 b4 23. Nxe8 Qxe8 24.
Qc4 $1 Nxe4 25. Bxb4 Nhxg3 26. hxg3 Nxg3 27. Bxc3 Qe3+ 28. Rf2 Ne2+ 29. Qxe2
Qxc3 30. Qe5 1-0